Country per Third Letter Quiz Stats

Quiz Updated Apr 25, 2018

Challenge
Share
Tweet
Embed
Score 0/24 Timer 04:00
0 Plays Today
3rd Letter Country % Correct
ABrazil, Italy, ...
98.3%
IChina, Guinea, ...
97.4%
RGermany, Turkey, ...
96.8%
NCanada, Venezuela, ...
96.7%
ESweden, Vietnam, ...
92.4%
SAustralia, Russia, ...
91.3%
LColombia, Poland, ...
90.4%
MJamaica, Somalia, ...
89.2%
USouth Africa, Uruguay, ...
87%
GAfghanistan, Nigeria, ...
84.4%
PCyprus, Japan, ...
83.5%
XLuxembourg, Mexico
82.6%
3rd Letter Country % Correct
BCuba, Libya, ...
81.8%
DIndia, Sudan, ...
79%
TBotswana, Latvia, ...
77.5%
OCroatia, Georgia, ...
66.6%
YEgypt, Guyana, ...
65.3%
WKuwait, New Zealand
61.6%
ZKazakhstan, Mozambique
59.4%
JFiji, Tajikistan
56%
HBahamas, Ethiopia, ...
47.4%
KPakistan
44.6%
CMicronesia, Nicaragua, ...
42.3%
VTuvalu
41.8%

You're not logged in!

Compare scores with friends on all Sporcle quizzes.
Join for Free
OR
Log In

You Might Also Like...

Show Comments

Extras

Top Quizzes Today


Score Distribution

Your Account Isn't Verified!

In order to create a playlist on Sporcle, you need to verify the email address you used during registration. Go to your Sporcle Settings to finish the process.

Report this User

Report this user for behavior that violates our Community Guidelines.

Details: